000 00352 a2200109 4500
001 ART_49473
005 20260410162043.0
008 260409a
245 1 0 _aRégimen de promoción de la economía del conocimiento, un incentivo a largo plazo
100 1 _aSantacruz, Lidia M.
773 0 _tImpuestos
_g- N°57 (ago. 2019)
_wREV45175
999 _c35042
_d35042